000 00640nam a2200241Ia 4500
003 OSt
005 20220924124732.0
006 a|||||r|||| 00| 0
007 ta
008 220923b |||||||| |||| 00| 0 urd d
020 _c4.50
024 _a323709
037 _cTextual
040 _aARTS
_cARTS
_burd
041 _2urd
_aurd
082 _aX62, 168N8
100 _aHaidar Ghulam Au.
_9191256
245 0 _aBank ki kahani
260 _aNew Delhi
_b Taraqqi urdu board India
_c1998
650 _aBANKS AND BANKING
_9170034
942 _hX62, 168N8
_cTEXL
_2CC
999 _c420758
_d420758